|
|
|
|
| LEADER |
00000nab a2200000 a 4500 |
| 001 |
vtls001507772 |
| 003 |
SK-MaSNL |
| 005 |
20260426095029.0 |
| 008 |
140302s2000 xo 000 0 slo |
| 035 |
|
|
|a SPKCL10099
|
| 040 |
|
|
|a SPKCL
|b slo
|c SNKBUCL
|d ÚIP-SPK(EK)
|e AACR2
|
| 041 |
|
|
|a slo
|
| 044 |
|
|
|a xo
|c SK
|
| 080 |
|
|
|a 37.014:376.63:37.014.14
|2 1981
|
| 100 |
1 |
|
|a Pajdlhauserová, Elena
|4 aut
|9 8867
|
| 245 |
1 |
0 |
|a Analýza súčasného stavu. Návrh koncepcie
|b Koncepcia výchovy a vzdelávania detí zo sociálne znevýhodneného prostredia a detí s odloženou povinnou školskou dochádzkou vrátane rómskych detí
|c Elena Pajdlhauserová; Miloš Kobliška
|
| 520 |
|
|
|a Projekty výchovy a vzdelávania detí zo sociálne znevýhodneného prostredia a ich experimentálne overovanie. 1. projekt nultých ročníkov, neskôr prípravných ročníkov ZŠ pre deti z jazykovo znevýhodneného prostredia a výhrady k nemu. 2. projekt Škola dokorán - potvrdenie jeho pozitívneho výchovného pôsobenia na dieťa v niekoľkých oblastiach. Vypracovanie návrhu Koncepcie výchovy a vzdelávania detí zo sociálne znevýhodneného prostredia a detí s odloženou povinnou školskou dochádzkou vrátane rómskych detí, na základe porovnávacej anylýzy vyššie uvedených projektov. Jeho charakteristika a realizácia v 2 etapách. Návrh opatrení súvisiacich so spomínanou koncepciou.
|
| 650 |
0 |
7 |
|a výchova
|2 SNKPH
|9 957
|
| 650 |
0 |
7 |
|a vzdelávanie
|2 SNKPH
|9 4033
|
| 650 |
0 |
7 |
|a sociálne ohrozené skupiny
|2 SNKPH
|9 83816
|
| 650 |
0 |
7 |
|a povinná školská dochádzka
|2 SNKPH
|9 28792
|
| 650 |
0 |
7 |
|a Rómovia
|2 SNKPH
|9 1702
|
| 650 |
0 |
7 |
|a materské školy
|2 SNKPH
|9 1278
|
| 650 |
0 |
7 |
|a koncepcie
|2 SNK
|9 506131
|
| 650 |
0 |
7 |
|a odklad školskej dochádzky
|2 SNKPH
|9 1086779
|
| 650 |
0 |
7 |
|a prípravné ročníky
|2 SNK
|9 398562
|
| 650 |
0 |
7 |
|a základné školy
|2 SNKPH
|9 1280
|
| 700 |
1 |
1 |
|a Kobliška, Miloš
|4 440
|9 458398
|
| 773 |
1 |
|
|t Učiteľské noviny
|g Roč. 50, č. 7 (2000) s. 6-7
|
| 850 |
|
|
|a Slovenská pedagogická knižnica Bratislava
|
| 852 |
|
|
|a SPKCL
|b KIS3GCP
|b 000710000
|n SK
|
| 999 |
|
|
|c 3154751
|d 3156681
|